000 01106cam a2200241 4500
001 ABS68022
008 040728n2004 000 0 eng u
035 _a(Sirsi) u126960
100 _aLee-Wright, M.
245 _aTime to watch the wasteline
260 _c2004
490 _aEstates Gazette
_v(0428) 17 July 2004, 114(1)
520 _aNext year property developers will most likely have to include environmental data in their annual reports when the new company reporting rules, under the Companies Act 1985, come into force. Looks at what developers should consider; supplies, including energy and services, operations on sites and materials out, including waste, effluents, noise and smoke. Advises the property industry to start thinking about how to respond to the challenge of reporting on their environmental performance.
590 _aABS
590 _aABS
650 _aCOMPANY REPORTS
650 _aENVIRONMENTAL REPORTING
650 _aPROPERTY DEVELOPERS
650 _aENVIRONMENTAL DATA
650 _aENVIRONMENTAL PERFORMANCE
690 _aENVIRONMENT
_96238
942 _n0
999 _c117785
_d117785